000 00406nam a2200145Ia 4500
008 231129s2002||||xx |||||||||||||| ||spa||
020 _a958-04-6633-5
040 _bspa
082 _a330.1 S246m
100 _aSarmiento Palacio Eduardo
245 0 _aEl modelo propio: teorí­as económicas e instrumentos
260 _c2002
264 _aNorma
942 _2ddc
_cBKS
999 _c11740
_d11740